Quizzes
Events
Quiz Creation
Community
Videos
Private Events
Remove Ads
Sign In
Join for FREE
Feedback
Dark Mode
Quiz Categories
Sports
Geography
Music
Movies
Television
Just For Fun
Miscellaneous
History
Literature
Language
Science
Gaming
Entertainment
Religion
Holiday
For Kids
Quiz Lab
Recent
Popular Today
Quiz Kudos Today
Editor Picks
Curator Picks
Quizzes by...
Day
Popularity
Type
Ratings
Length
Year
Community
Subscriptions
Recent Discussions
Orange Saloon
Badges
Playlists
Quests
Create
Leaderboards
Showdown
Live 5
Trivia Bingo
Activity
Puzzle Library
Sporcle Events
Private Events
Virtual Trivia
Globe League
Become a Host
Pub Owners
SporcleCon
Opinionation
Our Games
Videos
Blog
Mobile Apps
Partnerships
Remove Ads and Go Orange
Feedback
Gaming
Video Games
Board Games
Card Games
Pokémon
Mario
Nintendo
Minecraft
Console
Toys
Legend of Zelda
Gaming
Video Games
Board Games
Card Games
Pokémon
Mario
Nintendo
Minecraft
Console
Toys
Legend of Zelda
Random Quiz
Search Sporcle
×
Quiz Lab
Quiz Lab
Gaming
Weapons
Type in answers that appear in a list
Type in answers that appear in a list
Classic
Best Score? Go Orange.
Deus Ex: Human Revolution weapons Stats
Can you name the weapons in: Deus Ex: Human Revolutions?
By
lordagaton
4m
23 Questions
352 Plays
352 Plays
352 Plays
Comments
Comments
Give Quiz Kudos
Give Quiz Kudos
-
- Ratings
hide this ad
Replay
Link that replays current quiz
Next Quiz
Link to next quiz in quiz playlist
You Got
0%
They Got
Avg Score
56%
Avg Friend Score
Upgrade to see
Score Distribution
Jump to the score distribution portion of the page
Score
0/23
Timer
04:00
0
Plays Today
Type
Weapon
% Correct
Handguns
Pistol
88.9%
Handguns
Revolver
83%
Rifles
Sniper Rifle
78.7%
Handguns
Stun gun
76.1%
Rifles
Shotgun
71.9%
Rifles
Combat Rifle
69.9%
Explosives
Fragmentation Grenade
69.9%
Explosives
EMP Grenade
69.6%
Heavy
Rocket Launcher
65.9%
Explosives
Gas Grenade
63.4%
Heavy
Heavy Rifle
63.1%
Rifles
Machine Pistol
62.8%
Type
Weapon
% Correct
Rifles
Tranquilizer Rifle
61.4%
Explosives
Concussion grenade
56.3%
Heavy
Laser Rifle
54.8%
Heavy
Plasma Rifle
51.1%
Handguns
Crossbow
47.4%
Handguns
PEPS
46.3%
Heavy
Grenade Launcher
40.3%
Explosives
Mine Template
28.4%
Rifles
Silenced Sniper Rifle
25.9%
Rifles
Double-Barrel Shotgun
21%
Explosives
Remote Explosive
12.2%
Quiz Playlist
Details
Report
Send in Message
Add To Playlist
Classic:
Type in answers that appear in a list
Last Updated: Feb 16, 2017
Quiz Scoreboard
CHALLENGE
Sign Up to Join the Scoreboard
Show All
Scores
Hide
Comments
May contain spoilers
Recently Published
Billboard Blitz: Fleetwood Mac
by CooCooCachoo
Music
15s
Presidents Visiting Landmarks
by Hejman
History
7m
An Introduction to Baseball
by treessimontrees
Sports
5m
More to Explore
Quiz From the Vault
Featured Blog Post
Where Did the Easter Bunny Come From?
hide this ad
You Might Also Like...
Tags
deu
Human
Revolution
Weapons
Today's Top Quizzes in Gaming
Browse Gaming
hide this ad
Today's Top Quizzes in Weapons
Browse Weapons
Top Contributed Quizzes in Gaming
1
5-to-1: Consoles
2
5-to-1: Legend of Zelda
3
7-to-1: Board Game Piece Blitz
4
Destiny 2 exotic weapons by perk icons
5
Ultimate Genshin Impact Logic Puzzle (up to 4.3)
6
Franchise by Action Figure
7
Genshin Impact Logic Puzzle Quiz
8
Who's on the WWE 2K24 Cover?
9
Overwatch Logic Puzzle
10
League of Legends Pro Players by Career/Team History
Explore More
Trending Topics
Anime
NBA
Harry Potter
Crossword
Kpop
Marvel
Disney
Country
Soccer
NFL
Song
WWE
Pokémon
Puzzle
The Office
hide this ad
More By:
lordagaton
Quiz
Plays
Rating
Category
Featured
Created
Beyond: Two Souls Chapters
2,430
3.00
Gaming
Oct 20, 2013
The Last of us
728
3.00
Gaming
Jun 22, 2013
Red dead redemption: Activities
483
2.20
Gaming
Apr 29, 2011
Matrix revolutions speech
453
3.00
Movies
Aug 13, 2011
Red dead redemption DLC: Undead nightmare
353
4.50
Gaming
May 12, 2011
Go to Creator's Profile
Score Distribution
Quiz Creator Spotlight
lordagaton
Follow
Send a Message
Quizzes Created
-
Created Quiz Play Count
-
More By This Creator
Popular Quizzes Today
1
Find the US States - No Outlines Minefield
2
Find the Countries of Europe - No Outlines Minefield
3
The Countries of the World
4
Find the US States
5
US States
6
Popular People in 1961
7
Risky Map Clicking: Biggest States A-Z
8
Movies - When Are They Set?
More Gaming Quizzes
DBZ Dokkan Battle: Goku's Family Category
Quiz Lab
Trending Quizzes
Risky Map Clicking: Least Populous States A-Z
1-10 Letter G Words
1-10 Letter F Words
Risky Map Clicking: Next State Alphabetically
Risky Map Clicking: Biggest States A-Z
Recently Updated
Leaping Animals
pecheneg
Reality TV Shows (A-Z)
bhenderson79
Rickey Henderson's Hall of Fame Teammates
pecheneg
Champions League XIs: Arsenal
pecheneg
Quick Pick: Celebrities in WWE's Hall of Fame
aduchscher
A-Z Keypad Blitz II
pecheneg
Multiple Oscar Actors
pecheneg
Mystery Phrase Blitz: Oscar 'Best Actors'
pecheneg
F. Scott Fitzgerald Novels
LTH
Pick 3 Villains
ddd62291
Trending Topics
Harry Potter
Disney
Marvel
NBA
Crossword
Kpop
Anime
Country
Puzzle
WWE
The Office
Song
NFL
Pokémon
Soccer
Your Account Isn't Verified!
In order to create a playlist on Sporcle, you need to verify the email address you used during registration. Go to your
Sporcle Settings
to finish the process.
Report this User
Report this user for behavior that violates our
Community Guidelines
.
Details:
Send Report
Go to the Sporcle.com Mobile Site →
Comments